Les Légendaires - Statistiques

Statistiques générales
  • Ce quiz a été pris 65 fois
  • Le résultat moyen est 5 sur 5
Statistiques - réponses
Les prénoms des Légendaires % Correct
Danaël
100%
Razzia
100%
Jadina
98%
Shimy
98%
Gryfenfer
94%
Aucun quiz correspondant
Distribution des résultats
% des personnes avec chaque résultat
Percentile par nombre de réponses
Votre historique - résultats
Vous n’avez pas pris ce quiz